Sábado de Gloria

Bibliographic Details
Main Author: Nuñez Soto, Orlando
Format: Section = Libro
Language:Undetermined
Spanish
Published: Managua CEDEL 1990
Subjects:
LEADER 00482nam a2200181Ia 4500
008 240829s9999 xx 000 0 und d
040 |a BIBLIOTECA-RUSB/ 863.44 N973s 
041 |a spa 
082 |a 863.44 N973s 
100 1 |a Nuñez Soto, Orlando 
245 1 0 |a Sábado de Gloria 
260 |a Managua  |b CEDEL  |c 1990 
300 |a 238 p. :il. 
650 7 |a NOVELA NICARAGÜENSE - SIGLO XX 
650 7 |b  LITERATURA NICARAGÜENSE - SIGLO XX 
942 |c BK  |2 ddc 
991 |a TEXTO 
999 |c 5515